000
00266nam a2200121Ia 4500
100
_a
Gerrard/Peter
942
_c
BK
245
_a
Will you still love me when i am 64
260
_b
Gerald Duckworth
_a
London
_c
1985
300
_a
185
546
_a
ENGLISH
999
_c
27067
_d
27067